Normal view
MARC view
- Public speaking
Entry Topical Term
001 - CONTROL NUMBER
- control field: 7904
003 - CONTROL NUMBER IDENTIFIER
- control field: OSt
005 - DATE AND TIME OF LATEST TRANSACTION
- control field: 20170524162337.0
008 - FIXED-LENGTH DATA ELEMENTS
- fixed length control field: 170524|| aca||aabn | a|a d
040 ## - CATALOGING SOURCE
- Original cataloging agency: OSt
- Transcribing agency: OSt
150 ## - HEADING--TOPICAL TERM
- Topical term or geographic name entry element: Public speaking
- Form subdivision: Indexes.
670 ## - SOURCE DATA FOUND
- Source citation: Work cat.: (OSt): Lucas, Stephen 7903, Topicfinder to accompany The art of public speaking, 8th ed, 2004

PORTAL AKMAL
E-MEL JKDM
AKMAL2U
G-BAM
u-PUSTAKA